Svetová politika a bezpečnosť 2014

Bezpečnostné problémy sveta a aktivizácia NATO. Krízové a konfliktné oblasti v roku 2014 - Ukrajina, Európska únia, Blízky východ, USA. Rastúci počet obetí konfliktov.

Saved in:
Bibliographic Details
Main Author: Škvrnda, František
Format: Book Chapter
Language:Slovak
Subjects:
Tags: Add Tag
No Tags, Be the first to tag this record!

MARC

LEADER 00000naa a2200000 4500
001 0200239
005 20240502073404.1
041 0 |a slo 
044 |a SK 
245 1 0 |a Svetová politika a bezpečnosť 2014  |c František Škvrnda 
520 |a Bezpečnostné problémy sveta a aktivizácia NATO. Krízové a konfliktné oblasti v roku 2014 - Ukrajina, Európska únia, Blízky východ, USA. Rastúci počet obetí konfliktov. 
610 2 0 |a politika svetová 
610 2 0 |a bezpečnosť medzinárodná 
100 1 |a Škvrnda, František